Loading...
Fine Arts - Visual Fine Arts | 0 | 2 | 0 | 0 | 20 | 127 | 129.50 | 0 | 2 |
History - American History | 0 | 1 | 0 | 0 | 10 | 83 | 83.00 | 0 | 1 |
History - European History | 0 | 1 | 0 | 0 | 10 | 105 | 105.00 | 1 | 1 |
Fine Arts - Auditory Fine Arts | 0 | 1 | 0 | 1 | 10 | 142 | 142.00 | 0 | 1 |
Other Science: Astronomy | 0 | 1 | 0 | 1 | 10 | 138 | 138.00 | 0 | 1 |
World and Other Literature | 0 | 1 | 0 | 0 | 10 | 147 | 147.00 | 0 | 1 |
Philosophy | 0 | 1 | 1 | 0 | 5 | 118 | 118.00 | 0 | 1 |
Other Arts: Auditory | 0 | 0 | 0 | 0 | 0 | 0.00 | 0 | 0 | |
Literature - British Literature | 0 | 0 | 0 | 0 | 0 | 0.00 | 0 | 0 | |
Literature - European Literature | 0 | 0 | 0 | 0 | 0 | 0.00 | 0 | 0 |